=LDR 00000nam 2200000 4500 =001 000952 =005 20250712013243 =035 ##$$a 0010-0725000831 =007 ta =008 250712################a##########0#ind## =020 ##$$a 978-623-307-173-4 =082 ##$$a 398. 209 598 =084 ##$$a 398. 209 598 BEW r =100 #$$a Bewa, Maria Agnes Dua =245 1#$$a Rancak Sakit /$c Maria Agnes Dua Bewa =250 ##$$a Cetakan Pertama =260 ##$$a Jakarta Timur :$b Badan Pengembangan dan Pembinaan Bahasa,$c 2024 =300 ##$$a 28 hlm. : $b Ilus. ; $c 29,7 cm =650 #4$$a Cerita Anak - Sumatra Barat =990 ##$$a TBM202400637